[Event "Kitchener Winter op"]
[Site "Kitchener"]
[Date "2008.02.16"]
[Round "3"]
[White "Brestoiu, Doina"]
[Black "Yuan, Yuanling"]
[Result "0-1"]
[WhiteElo "1946"]
[BlackElo "2194"]
[PlyCount "62"]
[EventDate "2008.02.15"]
[EventType "swiss"]
[EventRounds "5"]
[EventCountry "CAN"]
[SourceTitle "EXT 2011"]
[Source "ChessBase"]
[SourceDate "2010.11.26"]
[SourceVersion "1"]
[SourceVersionDate "2010.11.26"]
[SourceQuality "1"]

1. e4 c5 2. Nf3 d6 3. d4 cxd4 4. Nxd4 Nf6 5. Nc3 g6 6. Be3 Bg7 7. f3 Nc6 8. Bc4 0-0 9. Bb3 Bd7 10. Qd2 Rc8 11. h4 h5 12. Nde2 Ne5 13. Bh6 b5 14. Bxg7 Kxg7 15. Nd5 Nxd5 16. Bxd5 a5 17. a3 Qc7 18. 0-0-0 b4 19. axb4 axb4 20. Bb3 Qa5 21. Qd4 Kg8 22. Kd2 Qb5 23. Ra1 Rc5 24. Ra2 Rfc8 25. Rc1 Qb6 26. Kd1 Bb5 27. Qd2 Bc4 28. Bxc4 Nxc4 29. Qd3 Ra5 30. Qb3 Rxa2 31. Qxa2 Qf2 0-1

[Event "ROM-ch op (Women)"]
[Site "Eforie Nord"]
[Date "1997.??.??"]
[Round "?"]
[White "Brestoiu, Doina"]
[Black "Ionica, Iulia Ionela"]
[Result "1-0"]
[WhiteElo "2070"]
[BlackElo "2235"]
[PlyCount "59"]
[EventDate "1997.09.??"]
[EventType "swiss"]
[EventRounds "11"]
[EventCountry "ROU"]
[SourceTitle "EXT 2000"]
[Source "ChessBase"]
[SourceDate "1999.11.16"]
[SourceVersion "1"]
[SourceVersionDate "1999.11.16"]
[SourceQuality "1"]

1. e4 c5 2. Nf3 e6 3. d4 cxd4 4. Nxd4 Nf6 5. Nc3 d6 6. f4 a6 7. Be2 Qc7 8. Be3 b5 9. Bf3 Bb7 10. e5 dxe5 11. Bxb7 Qxb7 12. fxe5 Nfd7 13. 0-0 Nxe5 14. Qh5 Ng6 15. Qh3 Be7 16. Rxf7 Kxf7 17. Qxe6+ Ke8 18. Nf5 Qd7 19. Nxg7+ Kd8 20. Rd1 Qxd1+ 21. Nxd1 Nd7 22. Nc3 Rf8 23. Qc6 Rb8 24. Ne6+ Ke8 25. Nxf8 Ngxf8 26. Qxa6 b4 27. Nd5 Ng6 28. Qe6 Ndf8 29. Nf6+ Kd8 30. Bb6+ 1-0

[Event "ROM-chT2"]
[Site "Sovata"]
[Date "1997.??.??"]
[Round "1"]
[White "Rasinaru, Alina"]
[Black "Brestoiu, Doina"]
[Result "1-0"]
[WhiteElo "1800"]
[BlackElo "2070"]
[PlyCount "125"]
[EventDate "1997.10.??"]
[EventType "team-tourn"]
[EventRounds "7"]
[EventCountry "ROU"]
[SourceTitle "EXT 2000"]
[Source "ChessBase"]
[SourceDate "1999.11.16"]
[SourceVersion "1"]
[SourceVersionDate "1999.11.16"]
[SourceQuality "1"]

1. e4 c5 2. c3 d5 3. exd5 Qxd5 4. d4 Nc6 5. Nf3 Nf6 6. Be3 cxd4 7. cxd4 e6 8. a3 Qa5+ 9. Nbd2 Be7 10. Bd3 0-0 11. 0-0 Rd8 12. b4 Qh5 13. Qe2 b6 14. Ne4 Bb7 15. Ng3 Qd5 16. Rfd1 Rac8 17. Rac1 Qb3 18. Ba6 Bxa6 19. Qxa6 Nd5 20. Rd3 Qb2 21. Rdd1 Rc7 22. Qd3 Nxe3 23. fxe3 Ne5 24. Qb1 Qxb1 25. Rxb1 Nxf3+ 26. gxf3 Rc3 27. Kf2 Rxa3 28. Ra1 Rxa1 29. Rxa1 Ra8 30. Ra4 Kf8 31. b5 Ke8 32. Ke2 Kd7 33. Kd3 Kc7 34. Ne4 f6 35. Kc4 Kb7 36. Nc3 Rc8+ 37. Kd3 Bd6 38. h3 Rc7 39. Ra1 Rc8 40. Ra4 Rc7 41. e4 Bf4 42. Ra2 Rc8 43. Ra4 Rc7 44. Ra2 Rd7 45. Ne2 Bd6 46. Ra1 Rc7 47. Nc3 g6 48. Na2 Rc8 49. Nc3 Rd8 50. Kc4 Rc8+ 51. Kd3 Bg3 52. Ra3 Rd8 53. Na2 Bd6 54. Ra4 f5 55. Nc3 fxe4+ 56. fxe4 Rf8 57. Ke3 Rf1 58. e5 Be7 59. Ne4 Rb1 60. Nd6+ Kb8 61. Rc4 Bg5+ 62. Kf2 Rc1 63. Kf3 1-0

[Event "ROM-ch (Women)"]
[Site "Herculane"]
[Date "1996.??.??"]
[Round "10"]
[White "Andreescu, Aurora Nicoleta"]
[Black "Brestoiu, Doina"]
[Result "1/2-1/2"]
[WhiteElo "2150"]
[BlackElo "2075"]
[PlyCount "44"]
[EventDate "1996.12.??"]
[EventType "tourn"]
[EventRounds "13"]
[EventCountry "ROU"]
[SourceTitle "EXT 2008"]
[Source "ChessBase"]
[SourceDate "2007.11.25"]
[SourceVersion "1"]
[SourceVersionDate "2007.11.25"]
[SourceQuality "1"]

1. e4 c5 2. Nf3 d6 3. d4 Nf6 4. Nc3 cxd4 5. Nxd4 a6 6. Be2 e5 7. Nb3 Be7 8. 0-0 0-0 9. Kh1 b5 10. f4 exf4 11. Bxf4 Bb7 12. Bf3 b4 13. Nd5 Nxd5 14. exd5 Bf6 15. Nd4 Re8 16. Nc6 Qb6 17. c3 Nxc6 18. dxc6 Bxc6 19. Qxd6 Re6 20. Qxb4 Qxb4 21. cxb4 Bxf3 22. Rxf3 Bxb2 1/2-1/2